Books by Synonym #2 - Statistics

General Stats
  • This quiz has been taken 372 times
  • The average score is 6 of 15
Answer Stats
Synonymous Title Book % Correct
The Starving Activities The Hunger Games
94%
Vanished with the Zephyr Gone With the Wind
68%
The Feline, the Conjurer, and the Bureau The Lion, the Witch, and the Wardrobe
66%
Anecdote of Twin Municipalities Tale of Two Cities
62%
A Triumvirate of Males in a Dinghy Three Men in a Boat
47%
The Excessively Ravenous Larva The Very Hungry Caterpillar
43%
The Bishop of the Circlets The Lord of the Rings
36%
The Chronicle of a Juvenile Female The Diary of a Young Girl
33%
The Rosy Memorandum The Scarlet Letter
28%
The Celestial Satire The Divine Comedy
23%
A Corrugation in the Moment A Wrinkle in Time
22%
Stuff Disintegrates Away Things Fall Apart
21%
The Sonancy and the Ire The Sound and the Fury
17%
The Preliminary The Trial
3%
The Abode of the Iuroidea The House of the Scorpion
2%
No matching quizzes found
Score Distribution
Percent of People with Each Score
Percentile by Number Answered
Your Score History
You have not taken this quiz